| 000 | 00660cam a2200241 a 4500 | ||
|---|---|---|---|
| 001 | 69885 | ||
| 003 | BD-RjUL | ||
| 005 | 20211209081933.0 | ||
| 008 | 170415r1975 enka 001 0 eng d | ||
| 020 | _a0080181295 | ||
| 035 | _a(BD-RjUL)70097 | ||
| 040 |
_aBD-RjUL _beng _cBD-RjUL _dBD-RjUL |
||
| 041 | _aeng | ||
| 082 | 0 | 4 |
_223 _a548.842 _bHUI 1975 |
| 100 | 1 |
_aHull, Derek. _934694 |
|
| 245 | 1 | 0 |
_aIntroduction to dislocations / _cDerek Hull |
| 250 | _a2nd.ed. | ||
| 260 |
_aOxford : _bPergamon press, _c1975 |
||
| 300 |
_axi, 259 p. : _bill. ; _c20cm. |
||
| 504 | _aIncludes bibliographies and index. | ||
| 650 | 0 |
_aDislocations _934059 |
|
| 942 |
_2ddc _cBK |
||
| 999 |
_c69885 _d69885 |
||